<?xml version="1.0" encoding="UTF-8"?>
<record
    xmlns:xsi="http://www.w3.org/2001/XMLSchema-instance"
    xsi:schemaLocation="http://www.loc.gov/MARC21/slim http://www.loc.gov/standards/marcxml/schema/MARC21slim.xsd"
    xmlns="http://www.loc.gov/MARC21/slim">

  <leader>003330000a22001210004500</leader>
  <datafield tag="020" ind1=" " ind2=" ">
    <subfield code="a">958-677-164-4</subfield>
  </datafield>
  <datafield tag="100" ind1="1" ind2=" ">
    <subfield code="a">Escobar, Blanca Nury</subfield>
  </datafield>
  <datafield tag="245" ind1="1" ind2="0">
    <subfield code="a">Pimpones de Color : Cocina de ni&#xF1;os para ni&#xF1;os / Blanca Nury Escobar, Ivette Hern&#xE1;ndez</subfield>
  </datafield>
  <datafield tag="260" ind1=" " ind2=" ">
    <subfield code="a">Bogot&#xE1; : Zamora</subfield>
  </datafield>
  <datafield tag="300" ind1=" " ind2=" ">
    <subfield code="a">79 P.</subfield>
  </datafield>
  <datafield tag="440" ind1=" " ind2="0">
    <subfield code="a">Col.  \ Mi Jardin</subfield>
  </datafield>
  <controlfield tag="001">906</controlfield>
  <datafield tag="999" ind1=" " ind2=" ">
    <subfield code="c">48095</subfield>
    <subfield code="d">48095</subfield>
  </datafield>
</record>
